Statystyki dla Największe Państwa Świata

Kliknij tutaj aby rozwiązać quiz!

Ogólne statystyki

  • Ten quiz został rozwiązany 25,886 razy
  • Średni wynik to 29 z 50

Statystyki odpowiedzi

Lp. Państwo % Correct
1Rosja
100%
3Chiny
98%
4Stany Zjednoczone
98%
2Kanada
97%
5Brazylia
95%
6Australia
88%
7Indie
88%
8Argentyna
88%
48Francja
87%
13Meksyk
83%
9Kazachstan
79%
29Egipt
78%
24Republika Południowej Afryki
78%
43Ukraina
73%
12Arabia Saudyjska
72%
18Mongolia
72%
37Chile
71%
36Turcja
69%
17Iran
68%
21Niger
62%
25Kolumbia
62%
10Algieria
60%
14Indonezja
60%
15Sudan
58%
19Peru
58%
31Nigeria
56%
34Pakistan
54%
16Libia
54%
32Wenezuela
52%
27Boliwia
49%
11Demokratyczna Republika Konga
49%
26Etiopia
48%
20Czad
47%
40Afganistan
46%
46Madagaskar
41%
23Mali
40%
50Tajlandia
38%
47Kenia
38%
41Somalia
37%
22Angola
37%
28Mauretania
32%
30Tanzania
32%
45Sudan Południowy
32%
35Mozambik
30%
38Zambia
30%
49Jemen
27%
33Namibia
27%
39Mjanma
25%
42Republika Środkowoafrykańska
24%
44Botswana
23%

Rozkład punktacji

Percentyl według liczby udzielonych odpowiedzi

Procent ludzi z każdym wynikiem

Twoja historia wyników

Nie rozwiązałeś tego quizu